LEADER 01227nam0 2200313 450 001 000012626 005 20090323170927.0 100 $a20080610d1976----km-y0itaa50------ba 101 1 $aita$cger 102 $aIT 105 $aa-------001yy 200 1 $aCongiuntura agraria e crisi agrarie$estoria dell'agricoltura e della produzione alimentare nell'Europa centrale dal 13. secolo all'età industriale$fWilhelm Abel$gpresentazione di Ruggiero Romano$gtraduzione di Piero Pesucci 210 $aTorino$cG. Einaudi$d1976 215 $aXXVIII, 505 p.$cill.$d22 cm 225 2 $aNuova biblioteca scientifica Einaudi$v57 410 0$12001$aNuova biblioteca scientifica Einaudi 500 10$aAgrarkrisen und Agrarkonjunktur$m$935787 610 1 $aAgricoltura$aEuropa$aSec. 13.-19. 676 $a338.1$v12$9Industria agricola 676 $a338.1$v18$9Industria agricola 676 $a338.1094$v19$9Agricoltura. Europa 700 1$aAbel,$bWilhelm$0118502 702 1$aPesucci,$bPiero$4070 702 1$aRomano,$bRuggiero$4070 801 0$aIT$bUNIPARTHENOPE$c20080610$gRICA$2UNIMARC 912 $a000012626 951 $a717/3$b4799$cNAVA2 996 $aAgrarkrisen und Agrarkonjunktur$935787 997 $aUNIPARTHENOPE LEADER 01934 am 2200493 n 450 001 9910495944903321 005 20200914 010 $a2-918783-20-X 035 $a(CKB)4100000011803989 035 $a(FrMaCLE)OB-codex-643 035 $a(oapen)https://directory.doabooks.org/handle/20.500.12854/87352 035 $a(PPN)254699219 035 $a(EXLCZ)994100000011803989 100 $a20210325j|||||||| ||| 0 101 0 $afre 135 $auu||||||m|||| 181 $ctxt$2rdacontent 182 $cc$2rdamedia 183 $acr$2rdacarrier 200 10$aCombattre et informer $eL?armée française et les médias pendant la Première Guerre mondiale /$fJean-Louis Maurin 210 $aTalmont-Saint-Hilaire $cÉditions Codex$d2020 215 $a1 online resource (136 p.) 225 1 $aUne plus Grande Guerre 330 $aEn France comme dans les autres grandes démocraties, l?armée et les médias, s?ils ne sont pas le pouvoir, n?en constituent pas moins deux pouvoirs, qui occupent une place plus ou moins importante selon les pays et les circonstances. Aussi, les relations armée-médias revêtent-elles un caractère particulier, voire une importance particulière, spécialement en temps de crise et de guerre. 606 $aWorld War, 1914-1918$xPress coverage$zFrance 606 $aWorld War, 1914-1918$xMass media and the war 606 $aMass media and war$zFrance 610 $aarmy 610 $aFirst World War 610 $aFrance 610 $ainformation 610 $amedias 610 $apress 610 $aWorld War I 610 $aWW1 615 0$aWorld War, 1914-1918$xPress coverage 615 0$aWorld War, 1914-1918$xMass media and the war. 615 0$aMass media and war 700 $aMaurin$b Jean-Louis$01236300 801 0$bFR-FrMaCLE 906 $aBOOK 912 $a9910495944903321 996 $aCombattre et informer$92870787 997 $aUNINA